Statistics for Frisian Islands (Wadden Islands)

Click here to take the quiz!

General Stats

  • This quiz has been taken 19 times
  • The average score is 11 of 39

Answer Stats

HintAnswer% Correct
NL inhabitedschiermonnikoog
93%
NL inhabitedtexel
87%
NL inhabitedameland
80%
NL inhabitedterschelling
80%
NL inhabitedvlieland
80%
D inhabitedborkum
53%
NL uninhabitedrottumeroog
47%
NL uninhabitedrottumerplaat
47%
NL uninhabitednoorderhaaks
40%
D inhabitedsylt
40%
D inhabitedjuist
33%
D inhabitednorderney
33%
D inhabitedspiekeroog
33%
D inhabitedwangerooge
33%
D inhabitedamrum
27%
D inhabitedfohr
27%
NL uninhabitedgriend
27%
D inhabitedlangeoog
27%
D inhabitedpellworm
27%
NL uninhabitedrichel
27%
DK inhabitedromo
27%
D inhabitedbaltrum
20%
DK inhabitedfano
20%
DK inhabitedmando
20%
NL uninhabitedsimonszand
20%
NL uninhabitedengelsmanplaat
13%
D uninhabitedmemmert
13%
D uninhabitedtrischen
13%
D uninhabitedalte mellum
7%
D uninhabitedkachelotplate
7%
D uninhabitedlutje horn
7%
D uninhabitedminsener oog
7%
D inhabitedneuwerk
7%
D uninhabitednigehorn
7%
D inhabitednordstrand
7%
D uninhabitedscharhorn
7%
D uninhabitedgroser knechtsand
0%
DK uninhabitedkoresand
0%
DK uninhabitedlangli
0%

Score Distribution

Percentile by Number Answered

Percent of People with Each Score

Your Score History

You have not taken this quiz